| 000 | 00954nam a2200301 i 4500 | ||
|---|---|---|---|
| 001 | 000006873 | ||
| 003 | DO-SdBNP | ||
| 005 | 20251029081547.0 | ||
| 007 | ta | ||
| 008 | 090903s1997 dr 001 0 spa d | ||
| 040 |
_aDO-SdBNP _bspa _cBNPHU _erda |
||
| 041 | _aspa | ||
| 082 | 4 |
_a346.729307 _bR426c, 1997 _222 |
|
| 110 | 1 |
_aRepública Dominicana. _9447 |
|
| 240 | 1 | 0 | _aCódigo de Comercio (1884) |
| 245 | 1 | 0 | _aCódigo de comercio de la República Dominicana. |
| 264 |
_aSanto Domingo : _bPalma, _c1997. |
||
| 300 |
_a164 páginas ; _c21 cm. |
||
| 336 |
_ardacontent _btexto _2txt |
||
| 337 |
_ardamedia _bsin mediación _2n |
||
| 338 |
_ardacarrier _bvolumen _2nc |
||
| 500 | _aIncluye bibliografía y notas al pie de páginas. | ||
| 590 | _aInventariado, 2018/LP | ||
| 650 | 4 |
_aDerecho comercial _zRepública Dominicana _914449 |
|
| 650 | 4 |
_aLeyes _zRepública Dominicana _93033 |
|
| 910 | _aValidado. Control de calidad EMS | ||
| 942 |
_2ddc _cLBS1 |
||
| 999 |
_c6661 _d6661 |
||